[Event "Lisbon Portugal rapid op"]
[Site "Lisbon"]
[Date "2019.02.10"]
[Round "8"]
[White "Vinagre, Antonio Pedro"]
[Black "Borges, Guilherme Deola"]
[Result "0-1"]
[WhiteElo "1887"]
[BlackElo "2181"]
[PlyCount "74"]
[EventDate "2019.02.10"]
[EventType "swiss (rapid)"]
[EventRounds "8"]
[EventCountry "POR"]
[SourceTitle "CBM 188 Extra"]
[Source "ChessBase"]
[SourceDate "2019.02.26"]
[SourceVersion "1"]
[SourceVersionDate "2019.02.26"]
[SourceQuality "1"]

1. e4 c5 2. c3 d5 3. exd5 Qxd5 4. d4 e6 5. Nf3 Nc6 6. Na3 Nf6 7. Nb5 Qd8 8. Bf4 Nd5 9. Bg3 a6 10. Na3 cxd4 11. Nxd4 Bxa3 12. bxa3 Nxc3 13. Qd3 Qxd4 14. Qxd4 Nxd4 15. Be5 Nc2+ 16. Kd2 Nxa1 17. Bxc3 f6 18. Bc4 Bd7 19. Bxa1 0-0-0 20. Rc1 Kb8 21. Ke3 e5 22. Bc3 Bc6 23. f3 Bd5 24. Ba5 Rc8 25. Kd3 b5 26. Bxd5 Rxc1 27. Ke4 Rh1 28. h3 Rh2 29. Bb4 Rd8 30. Be6 Rxg2 31. Be7 Rd4+ 32. Ke3 Rdd2 33. f4 Rge2+ 34. Kf3 exf4 35. Bb4 Rxe6 36. Bxd2 Re3+ 37. Kxf4 Rxa3 0-1

[Event "POR-chT"]
[Site "Porto"]
[Date "2016.08.15"]
[Round "2.14"]
[White "Ftacnik, Lubomir"]
[Black "Vinagre, Antonio Pedro"]
[Result "1-0"]
[WhiteElo "2541"]
[BlackElo "1841"]
[PlyCount "45"]
[EventDate "2016.08.14"]
[EventType "team-tourn"]
[EventRounds "9"]
[EventCountry "POR"]
[SourceTitle "CBM 173 Extra"]
[Source "ChessBase"]
[SourceDate "2016.08.29"]
[SourceVersion "1"]
[SourceVersionDate "2016.08.29"]
[SourceQuality "1"]
[WhiteTeam "Gaia"]
[BlackTeam "Casa do Xadrez"]
[WhiteTeamCountry "POR"]
[BlackTeamCountry "POR"]

1. Nf3 d6 2. d4 Nf6 3. c4 Nbd7 4. Nc3 c6 5. e4 e5 6. Be2 Be7 7. 0-0 h6 8. h3 Nf8 9. dxe5 dxe5 10. Qxd8+ Bxd8 11. Nxe5 Ne6 12. Be3 0-0 13. Nd3 Re8 14. e5 Nd7 15. Ne4 Bc7 16. Nd6 Re7 17. Rad1 Nef8 18. Bg4 h5 19. Bxh5 Nxe5 20. Nxe5 Bxd6 21. Bxf7+ Kh7 22. Rxd6 Rxe5 23. Rd8 1-0

[Event "POR-chT"]
[Site "Porto"]
[Date "2016.08.14"]
[Round "1.5"]
[White "Vasques, Antonio Pedro Freix"]
[Black "Vinagre, Antonio Pedro"]
[Result "1-0"]
[WhiteElo "2295"]
[BlackElo "1841"]
[PlyCount "63"]
[EventDate "2016.08.14"]
[EventType "team-tourn"]
[EventRounds "9"]
[EventCountry "POR"]
[SourceTitle "CBM 173 Extra"]
[Source "ChessBase"]
[SourceDate "2016.08.29"]
[SourceVersion "1"]
[SourceVersionDate "2016.08.29"]
[SourceQuality "1"]
[WhiteTeam "Sporting Clube Portugal"]
[BlackTeam "Casa do Xadrez"]
[WhiteTeamCountry "POR"]
[BlackTeamCountry "POR"]

1. e4 d6 2. d4 Nf6 3. Nc3 Nbd7 4. f4 e5 5. Nf3 exd4 6. Nxd4 Be7 7. Bd3 0-0 8. 0-0 c6 9. Kh1 Nc5 10. Nb3 Nxd3 11. cxd3 Qc7 12. Be3 c5 13. Rc1 Bd7 14. d4 cxd4 15. Nxd4 Bc6 16. Nd5 Qd7 17. Nxf6+ Bxf6 18. e5 dxe5 19. fxe5 Bd8 20. Nxc6 Qxd1 21. Rfxd1 bxc6 22. Rxc6 Re8 23. Bd4 Bb6 24. Bc3 Rad8 25. Rcd6 f6 26. Rxd8 Bxd8 27. e6 Bc7 28. Rd7 Bb6 29. Rd6 Bc7 30. Rc6 Rd8 31. g3 Bd6 32. Ba5 1-0